Neural networks : a comprehensive foundation

Αποθηκεύτηκε σε:
Λεπτομέρειες βιβλιογραφικής εγγραφής
Κύριος συγγραφέας: Haykin, Simon S. 1931-
Μορφή: Βιβλίο
Γλώσσα:English
Δημοσίευση: New Jersey : Prentice Hall, 1994
Θέματα:
Ετικέτες: Προσθήκη ετικέτας
Δεν υπάρχουν, Καταχωρήστε ετικέτα πρώτοι!

MARC

LEADER 00000nam a2200000 i 4500
001 1/45197
008 971201s1994 eng d
020 |a 0-02-352761-7 
035 |l 10026104 
040 |a GR-MY-UA  |b gre  |e aacr 
041 0 |a eng 
082 0 |a 006.3 
100 1 |a Haykin, Simon S.  |d 1931- 
245 1 0 |a Neural networks :  |b a comprehensive foundation /  |c Simon Haykin 
260 |a New Jersey :   |b Prentice Hall,   |c 1994 
300 |a xix, 696 p. 
504 |a Includes bibliography and index 
650 0 0 |a Neural networks (Computer science) 
852 |a INST  |b CHIOS  |e 19971201  |h 006.3 HAY  |p 005200010295  |q 005200010295  |t BK  |y 0 
901 |a BIBL-1997-3 
909 |a Χ  |b 052458 
922 |a 2ΕΛΗ  |b 199711  |c ΣΑΚΕΛΛΑΡΙΔΗΣ  |d ΠΑΠΑΣΩΤΗΡΙΟΥ